|
|
|
|
| LEADER |
00000nam0a2200000 4500 |
| 001 |
188565 |
| 005 |
20231101224138.0 |
| 035 |
|
|
|a (RuTPU)RU\TPU\book\204813
|
| 035 |
|
|
|a RU\TPU\tpu\3881
|
| 090 |
|
|
|a 188565
|
| 100 |
|
|
|a 20101210d1933 k y0rusy50 ca
|
| 101 |
0 |
|
|a rus
|
| 102 |
|
|
|a RU
|
| 105 |
|
|
|a af z 000zy
|
| 200 |
1 |
|
|a Угли Западной Сибири в топках паровых котлов и газогенераторах
|f В. Я. Алексеев [и др.]
|g под ред. В. Я. Алексеев
|
| 210 |
|
|
|a Новосибирск
|a Ленинград
|a Москва
|c Гос. науч.-техн. горное изд
|d 1933
|
| 215 |
|
|
|a 200 с.
|c табл.
|
| 317 |
|
|
|5 63413507: М-132649
|a Поступила в НТБ в 1970 г. в составе книжного собрания профессора ТПИ И. Н. Бутакова
|
| 606 |
1 |
|
|a Котельно-топочная техника
|2 stltpush
|3 (RuTPU)RU\TPU\subj\15919
|9 42117
|
| 610 |
1 |
|
|a теплотехника
|
| 610 |
1 |
|
|a труды учёных ТПУ
|
| 610 |
1 |
|
|a библиотека И. Н. Бутакова
|
| 610 |
1 |
|
|a испытания
|
| 610 |
1 |
|
|a горение
|
| 610 |
1 |
|
|a газификация
|
| 610 |
1 |
|
|a заводы
|
| 610 |
1 |
|
|a лаборатории
|
| 675 |
|
|
|a 621.182
|v 3
|
| 701 |
|
1 |
|a Алексеев
|b В. Я.
|
| 701 |
|
1 |
|a Бутаков
|b И. Н.
|c ученый-теплотехник
|c профессор Томского политехнического института
|f 1881-1970
|g Иннокентий Николаевич
|2 stltpush
|3 (RuTPU)RU\TPU\pers\18396
|4 070
|
| 701 |
|
1 |
|a Глинков
|b М. А.
|
| 701 |
|
1 |
|a Доброхотов
|b Н. Н.
|c крупнейший ученый-металлург
|c академик АН УССР
|f 1889-1963
|g Николай Николаевич
|2 stltpush
|3 (RuTPU)RU\TPU\pers\24836
|4 070
|9 11041
|
| 701 |
|
1 |
|a Иванцов
|b К. П.
|
| 701 |
|
1 |
|a Лебедев
|b Н. И.
|
| 701 |
|
1 |
|a Родионов
|b М. П.
|
| 701 |
|
1 |
|a Суханов
|b А. М.
|
| 701 |
|
1 |
|a Гавровский
|b Л.
|
| 701 |
|
1 |
|a Цветков
|b М. А.
|
| 702 |
|
1 |
|a Алексеев
|b В. Я.
|4 340
|
| 801 |
|
0 |
|a RU
|b 63413507
|c 20011210
|g PSBO
|
| 801 |
|
2 |
|a RU
|b 63413507
|c 20190801
|g PSBO
|
| 942 |
|
|
|c BK
|